SIGGRAPH video review. Issue 152, SIGGRAPH 2005. Animation theater program. Part 2

Συλλογή 18 φιλμς μικρού μήκους τα οποία παρουσιάζουν τις τρέχουσες εξελίξεις στα κινούμενα σχέδια

Αποθηκεύτηκε σε:
Λεπτομέρειες βιβλιογραφικής εγγραφής
Συλλογικό Έργο: SIGGRAPH, Association for Computing Machinery
Μορφή: Διαφάνειες
Γλώσσα:English
Δημοσίευση: New York, N.Y. : ACM, [2005]
Θέματα:
Ετικέτες: Προσθήκη ετικέτας
Δεν υπάρχουν, Καταχωρήστε ετικέτα πρώτοι!

MARC

LEADER 00000 gm a2200000 i 4500
001 1/44222
008 070514s2005 us g eng d
020 |a 1-59593-105-8 
035 |l 10087807 
040 |a GR-MY-UA  |b gre  |e aacr 
041 0 |a eng 
082 0 |a 776.6  |2 (22) 
110 2 |a SIGGRAPH. 
245 1 0 |a SIGGRAPH video review.  |n Issue 152,  |p SIGGRAPH 2005. Animation theater program.  |n Part 2  |h [μαγνητοσκόπηση] 
246 3 3 |a Animation theater program. Part 2 
246 3 3 |a SIGGRAPH 2005. Animation theater program. Part 2 
260 |a New York, N.Y. :   |b ACM,   |c [2005] 
300 |a 1 βιντεοδίσκος (π. 87 λεπτ.);  |b ομίλ., έγχρ.;  |c 4 3/4 ίν.+  |e 1 βιβλιαράκι 
505 0 |a 1. Awkward (2:54) / Cesar Kuriyama2. Surly squirrel (10:45) / Peter Lepeniotis3. Street stories - episode 14: "To air is human" (1:43) / Christopher Bancroft4. Food for thought (1:58) / Ian Yonika5. Venice beach (4:27) / Jung-Ho Kim6. Lionel (2:36) / Gabriel Gelade, Medhi Leffad, Anthony Menard, Matthieu Poirey7. Surgical planning in congenital heart disease by means of real-time medical visualization and simulation (6:02) / Thomas Sangild Sorensen8. The elbe flood (5:58) / Nils Sparwasser, Robert Meisner9. Tick animation 1 (3:56) / Sven Dreesbach, Matthias Zeller10. Cell invasions: visual computing, health, and cancer (4.24) / Charles Lumsden11. Manufacturing proteins with biomolecular machines (5:13) / Rick Hankins12. Image-based material editing (2:08) / Erik Reinhard13. Sal and the great frustration (2:05) / Andrew Malesky14. True color (7:04) / Pierre Ducos, Bertrand Bey15. Hopeless romantic (3:53) / Bill Burg16. Moscow souvenir (2:37) / Luke Bailey17. Pinata (4:08) / Mike Hollands18. The regulator (Le regulateur) (15:29) / Philippe Grammaticopoulos 
520 |a Συλλογή 18 φιλμς μικρού μήκους τα οποία παρουσιάζουν τις τρέχουσες εξελίξεις στα κινούμενα σχέδια 
650 0 0 |a Computer animation. 
650 0 0 |a Computer graphics. 
650 0 0 |a Animated films. 
650 0 0 |a Short films. 
710 2 |a Association for Computing Machinery. 
852 |a INST  |b SYROS  |c AV  |e 20070514  |h 776.6 SIG  |p 005500007374  |q 005500007374  |t DVD  |y 23 
901 |a BIBL5-2007-1 
909 |a Ε  |b 129695 
920 |a ΑΝΑΜΟΡΦΩΣΗ  |b ΕΠΕΑΕΚ ΙΙ-ΤΜΣΠΣ  |y ΣΥΡΟΣ  |z 2006-06 
970 |a ΚΟΝΤΟΥ  |b ΠΑΡΑΣΚΕΥΗ  |z 2007/05/14